000 01004cam a22002897 4500
001 527082
003 ARRUPE
005 20240709105628.0
007 hdrafa---baca
007 hdrbfa---baaa
008 861010s1952 nyu 000 0 eng
010 _a 86213658
040 _aDLC
_cDLC
_dDLC
050 0 0 _aPR-10-1
100 0 _aHumphries, Rolfe
_937351
240 1 0 _aAeneis.
_lEnglish
245 1 4 _aThe Aeneid of Virgil
_h[microform] /
_c/ Rolfe Humphries
260 _aNew York :
_bOxford University Press,
_c1952.
300 _a288 p. ;
_c23 cm.
500 _aCall number of original: PA6807.A5D34 1952.
500 _aMaster microform held by: DLC.
533 _aMicrofilm.
_bWashington, D.C. :
_cLibrary of Congress Photoduplication Service,
_d1986.
_e1 microfilm reel ; 35 mm.
600 0 0 _aAeneas
_c(Legendary character)
_vPoetry.
_937352
650 0 _aEpic poetry, Latin
_vTranslations into English.
_937353
906 _a7
_bcbc
_corignew
_d5
_encip
_f19
_gy-genmicro
942 _2lcc
_cMONOGRAPH
999 _c127168
_d127168